[Event "ESP-ch U12"]
[Site "Salobrena"]
[Date "2023.07.10"]
[Round "1"]
[White "Lamborena Valderrama, Garazi"]
[Black "Echegoyen Sadyan, Mateo"]
[Result "0-1"]
[WhiteElo "1254"]
[BlackElo "1767"]
[PlyCount "122"]
[EventDate "2023.07.10"]
[EventType "swiss"]
[EventRounds "9"]
[EventCountry "ESP"]
[SourceTitle "EXT 2024"]
[Source "ChessBase"]
[SourceDate "2023.10.10"]
[SourceVersion "1"]
[SourceVersionDate "2023.10.10"]
[SourceQuality "1"]

1. e4 e6 2. d4 d5 3. exd5 exd5 4. Nf3 Bd6 5. Bd3 Ne7 6. 0-0 Nbc6 7. Be3 0-0 8. Nbd2 Bf5 9. Be2 Ng6 10. c4 dxc4 11. Nxc4 Bf4 12. Bxf4 Nxf4 13. Re1 Nxe2+ 14. Rxe2 Bg4 15. Nce5 Nxe5 16. dxe5 Qxd1+ 17. Rxd1 Bxf3 18. gxf3 Rad8 19. Red2 Rde8 20. Rd7 Rxe5 21. Rxc7 Ra5 22. Rxb7 Rxa2 23. Rdd7 a5 24. b4 axb4 25. Rxb4 Ra5 26. Kg2 Rf5 27. Kg3 g6 28. Rf4 Rxf4 29. Kxf4 Re8 30. Kg4 Re5 31. f4 Re1 32. Kg3 Rg1+ 33. Kf3 Kg7 34. Rd5 h6 35. Rd6 Re1 36. h3 Re7 37. Kg4 f6 38. h4 Re1 39. Rd7+ Kg8 40. Kg3 Rg1+ 41. Kf3 h5 42. Rd8+ Kf7 43. Rd7+ Ke6 44. Rg7 f5 45. Ra7 Rg4 46. Ra1 Rxh4 47. Rg1 Kf6 48. Rg5 Rg4 49. Rxg4 fxg4+ 50. Kg3 Kf5 51. f3 gxf3 52. Kxf3 h4 53. Kg2 Kxf4 54. Kh3 g5 55. Kh2 g4 56. Kg2 h3+ 57. Kh2 g3+ 58. Kh1 g2+ 59. Kh2 Kf3 60. Kg1 h2+ 61. Kxh2 Kf2 0-1